01161nab a22002057a 4500003000400000005001700004008004100021040000700062100003600069245008200105300001300187500003700200505033800237505014900575650002300724650001500747650001400762650002900776773015000805OSt20260126002820.0190514b xxu||||| |||| 00| 0 spa d cPJ aPérez Hortal, María Eugenia13aLa acción de desalojo entre coherederos /cMaría Eugenia Pérez Hortal.  ap. 44-51 aCita: TR LALEY AR/DOC/2122/2024. aSumario: I. Introducción.— II. El planteo judicial. Su desarrollo.— III. El desalojo entre herederos forzosos.— IV. Transmisión de la posesión hereditaria a los herederos.— V. Proceso de indivisión hereditaria. El uso y goce exclusivo de los bienes por un coheredero. La acción de partición.— VI. Conclusiones.  tFallo comentado: CCiv. y Com., La Matanza, sala I ~ 20/02/2024 ~ O. N. D. V. y otros c. T., N. B. Y O/A s/ desalojo (excepto por falta de pago). 0aDERECHO DE FAMILIA 0aSUCESIONES 0aHEREDEROS 0aJURISPRUDENCIA APLICABLE0 02844dBuenos Aires : AbeledoPerrot, 1989-tDerecho de familia. Revista Interdisciplinaria de doctrina y jurisprudencia. Octubre 2024-V.z18511201